000 00439nam a2200169Ia 4500
003 LDD
008 190117s9999 xx 000 0 und d
020 _c₹65
040 _cLDD
041 _ahi
100 _aप्रेमचंद
245 0 _aप्रेमाश्रम
_cप्रेमचंद
246 _aPremashram
260 _aनई दिल्ली
_bभारतीय
_c1987
300 _a430
942 _2ddc
_cH
999 _c164145
_d164145